<?xml version="1.0" encoding="UTF-8"?>
<record
    xmlns:xsi="http://www.w3.org/2001/XMLSchema-instance"
    xsi:schemaLocation="http://www.loc.gov/MARC21/slim http://www.loc.gov/standards/marcxml/schema/MARC21slim.xsd"
    xmlns="http://www.loc.gov/MARC21/slim">

  <leader>01381cam a22002411  4500</leader>
  <controlfield tag="001">7320112</controlfield>
  <controlfield tag="003">BD-DhUL</controlfield>
  <controlfield tag="005">20170123121422.0</controlfield>
  <controlfield tag="008">770120s1921    enk           000 0 eng  </controlfield>
  <datafield tag="010" ind1=" " ind2=" ">
    <subfield code="a">   22009009 </subfield>
  </datafield>
  <datafield tag="035" ind1=" " ind2=" ">
    <subfield code="a">(OCoLC)2689787</subfield>
  </datafield>
  <datafield tag="040" ind1=" " ind2=" ">
    <subfield code="a">DLC</subfield>
    <subfield code="c">FTaSU</subfield>
    <subfield code="d">FTaSU</subfield>
    <subfield code="d">DLC</subfield>
    <subfield code="d">BD-DhUL</subfield>
  </datafield>
  <datafield tag="042" ind1=" " ind2=" ">
    <subfield code="a">premarc</subfield>
  </datafield>
  <datafield tag="050" ind1="0" ind2="0">
    <subfield code="a">PR6013.A35</subfield>
    <subfield code="b">O4 1921</subfield>
  </datafield>
  <datafield tag="082" ind1=" " ind2=" ">
    <subfield code="a">824.08</subfield>
    <subfield code="b">GAO</subfield>
  </datafield>
  <datafield tag="100" ind1="1" ind2=" ">
    <subfield code="a">Gales, Richard Lawson,</subfield>
    <subfield code="d">1862-1927.</subfield>
  </datafield>
  <datafield tag="245" ind1="1" ind2="0">
    <subfield code="a">Old-world essays /</subfield>
    <subfield code="c">R. L. Gales.</subfield>
  </datafield>
  <datafield tag="260" ind1=" " ind2=" ">
    <subfield code="a">London :</subfield>
    <subfield code="b">D. O'Connor,</subfield>
    <subfield code="c">1921.</subfield>
  </datafield>
  <datafield tag="300" ind1=" " ind2=" ">
    <subfield code="a">335 p. ;</subfield>
    <subfield code="c">19 cm.</subfield>
  </datafield>
  <datafield tag="505" ind1="0" ind2=" ">
    <subfield code="a">On peasant Christianity.--The Bible and popular language and tradition.--On the Sibyls.--The lore of the village church.--'The fool of Christ.'--One side of a discussion.--The Benedictines.--Continuity.--A tract and a window.--The way of Mary.--Heathen folk-lore.--Round about Reims.--Cardinal Bembo's villa.--A debate of the old world.--The aspects of things.--History and life.--Poems, bad and good.--Russian fairy tales.--Two Cornish frescoes.--Street games, old and new.--A gossip about surnames.--On the vulgar tongue.--Language mechanical and vital.--Some country sayings.--The sense and nonsense of rhyme.--On getting back into the past.--The sense of the past.--Liber albus.--A childhood in Cockayne.--An Italian journey.</subfield>
  </datafield>
  <datafield tag="906" ind1=" " ind2=" ">
    <subfield code="a">7</subfield>
    <subfield code="b">cbc</subfield>
    <subfield code="c">oclcrpl</subfield>
    <subfield code="d">u</subfield>
    <subfield code="e">ncip</subfield>
    <subfield code="f">19</subfield>
    <subfield code="g">y-gencatlg</subfield>
  </datafield>
  <datafield tag="942" ind1=" " ind2=" ">
    <subfield code="2">ddc</subfield>
    <subfield code="c">BK</subfield>
  </datafield>
  <datafield tag="999" ind1=" " ind2=" ">
    <subfield code="c">153396</subfield>
    <subfield code="d">153396</subfield>
  </datafield>
  <datafield tag="952" ind1=" " ind2=" ">
    <subfield code="0">0</subfield>
    <subfield code="1">0</subfield>
    <subfield code="2">ddc</subfield>
    <subfield code="4">0</subfield>
    <subfield code="6">824_080000000000000_GAO</subfield>
    <subfield code="7">0</subfield>
    <subfield code="8">NFIC</subfield>
    <subfield code="9">283867</subfield>
    <subfield code="a">DUL</subfield>
    <subfield code="b">DUL</subfield>
    <subfield code="c">GEN</subfield>
    <subfield code="d">2017-01-23</subfield>
    <subfield code="e">Purchased</subfield>
    <subfield code="o">824.08 GAO</subfield>
    <subfield code="p">58095</subfield>
    <subfield code="r">2017-01-23</subfield>
    <subfield code="w">2017-01-23</subfield>
    <subfield code="y">BK</subfield>
  </datafield>
</record>
